Douai - Choix multiples - Statistiques

Statistiques générales
  • Ce quiz a été pris 102 fois
  • Le résultat moyen est 6 sur 10
Statistiques - réponses
Question Réponse % Correct
Quelle activité a marqué l’histoire industrielle de la région de Douai ? L’extraction du charbon
77%
Comment s’appelle le géant emblématique de Douai ? Gayant
70%
Laquelle de ces photographies représente le Beffroi de Douai ?
69%
Quel cours d’eau traverse Douai ? La Scarpe
64%
Qui est l'auteur du recueil de poèmes "Cahiers de Douai" ? Arthur Rimbaud
61%
Avant son rattachement à la France, Douai appartenait à quel ensemble politique ? Les Pays-Bas espagnols
61%
Quel ingénieur militaire a dirigé le siège de Douai, permettant son rattachement au royaume de France ? Vauban
60%
Dans quel type de bâtiment ancien le musée des Beaux-Arts de Douai a-t-il été aménagé ? Une chartreuse
50%
Pour quelle fonction Douai est-elle historiquement connue sous l’Ancien Régime ? Ville judiciaire
48%
Avec quelle ville Douai forme-t-elle une unité urbaine ? Lens
33%
Aucun quiz correspondant
Distribution des résultats
% des personnes avec chaque résultat
Percentile par nombre de réponses
Votre historique - résultats
Vous n’avez pas pris ce quiz